The miracles of the Kasuga deity

Guardat en:
Dades bibliogràfiques
Autor principal: Tyler, Royall (Autor)
Format: Llibre
Idioma:anglès
Publicat: Nueva York Columbia University 1990
Matèries:
Etiquetes: Afegir etiqueta
Sense etiquetes, Sigues el primer a etiquetar aquest registre!

MARC

LEADER 00000nam a2200000 a 4500
001 UCX9584
003 CL-VaPUC
008 940615e19900000US |||||||||||||||||eng|d
082 0 4 |a 895.6  |b TYL  |2 21 
100 0 |a Tyler, Royall  |e author  |9 327013 
245 1 4 |a The miracles of the Kasuga deity 
300 |a 314 p 
942 |c BK 
945 |d 19940615 00:00:00  |a aalvarez 
260 |a Nueva York  |b Columbia University  |c 1990 
650 0 |a Literatura japonesa  |9 266543 
583 |a last modification  |c 19940615 00:00:00  |k Rodrigo Vera 
999 |c 228779  |d 228777 
952 |0 0  |1 0  |4 0  |6 895_600000000000000_TYL_1990  |7 0  |8 A  |9 229197  |a BIBGIM  |b BIBGIM  |d 2019-11-15  |i 2985446  |o 895.6 TYL 1990  |p 2985446  |r 2025-01-15  |w 2019-11-15  |y BK  |k ORI